Statistics for True or False - Country Relations

Click here to take the quiz!

General Stats

  • This quiz has been taken 129 times
    (16 since last reset)
  • The average score is 10 of 15

Answer Stats

Question Answer % Correct
India has more English speakers than the UKTrue
100%
Mongolia has a smaller population density than AustraliaTrue
93%
Africa has fewer countries than EuropeFalse
93%
Indonesia has a greater Muslim population than PakistanTrue
93%
India has more than 15% of the world's populationTrue
93%
More people live in Asia than outside of itTrue
86%
North America has a larger area than South AmericaTrue
86%
Singapore is more densely populated than MonacoFalse
64%
South Africa has a greater area than PeruFalse
64%
Japan has a greater % of white on its flag than CyprusFalse
64%
Tuvalu has a greater population than NauruTrue
64%
Tanzania has a greater maximum elevation than EcuadorFalse
50%
Over 40% of the world's apple come from ChinaTrue
50%
Russia borders more countries than ChinaFalse
29%
Australia has a larger unemployment rate than the United StatesTrue
14%

Score Distribution

Percentile by Number Answered

Percent of People with Each Score

Your Score History

You have not taken this quiz since the last reset